000 00276nam a22001217a 4500
008 170531b xxu||||| |||| 00| 0 eng d
041 _aeng
080 _a93
100 _a17
101 _aSHH
245 _aTHE REVOLUTION FROM ABOVE, 1928-1941
_cTUCKER, R.C
942 _2udc
_cBK
999 _c15174
_d15174